| 000 | 00736nam a2200217 i 4500 | ||
|---|---|---|---|
| 001 | 33145 | ||
| 003 | ES-MaACL | ||
| 005 | 20250730063055.0 | ||
| 007 | t| | ||
| 008 | 030201s1970 sp ||||1| spa d | ||
| 080 | _a159.923 | ||
| 100 | 1 |
_aBernard, Paul, _d1909-1995 _9155072 |
|
| 245 | 1 | 3 |
_aEl desarrollo de la personalidad : _biniciación a la comprensión del comportamiento humano y de las relaciones interpersonales / _cPaul Bernard ; versión Roberto Cruz. |
| 250 | _a1ª ed. | ||
| 260 |
_aBarcelona : _bToray, _c[1970] |
||
| 300 |
_aVIII, 102 p. : _bil. ; _c22 cm. |
||
| 650 | 4 |
_aDesarrollo de la personalidad. _911791 |
|
| 700 | 1 |
_aCruz, Roberto. _941808 |
|
| 852 | 4 |
_aES-MaACL _jC-45097 |
|
| 999 |
_c33145 _d33145 |
||